000 01722nam a2200433 i 4500
001 194044
003 SpMaBN
005 20250825062649.0
007 ta
008 240207s1999 sp | ||| ||spa
016 7 _abimoBNE20000998893
_2SpMaBN
017 _aB 7240-2000
_bOficina Depósito Legal Barcelona
020 _a8477826579
035 _a(OCoLC)433292066
040 _aSpMaBN
_bspa
_cSpMaBN
_erdc
_dES-MaACL
080 _a502(460.11)
080 _a914.4+914.60 Camino de Santiago
080 _a914.601.1(084)
245 0 4 _aLos caminos jacobeos en Galicia :
_bpaisajes /
_ccoordinador, Antonio Rigueiro Rodríguez.
260 _aBarcelona :
_bLunwerg,
_c[1999].
300 _a235 p. :
_bil. col., planos, gráf. ;
_c30 cm
336 _2rdacontent
_atexto
337 _2rdamedia
_asin mediación
338 _2rdacarrier
_avolumen
500 _aCatalogación provisional. Signatura: N-10139. Depósito J.
594 _aEn la port.: Xunta de Galicia, Consellería de Medio Ambiente, Dirección Xeral de Montes e Medio Ambiente Natural
650 7 _aNaturaleza-
_zGalicia
_9151229
651 4 _aCamino de Santiago-
_xDescripción
_2embne
_97931
651 7 _aGalicia-
_vObras ilustradas
_9174461
655 7 _2tgfbne
_aLibros ilustrados
_9193653
700 _aRigueiro-Rodríguez, A
_9235658
_eedt
852 _aES-MaACL
_bR.155007
_cDES
_jN-10139
_xEncuadernación cartoné con sobrecubierta
_hDonación: María Perles Navarro
_9202184
903 _aPerles Navarro, María
_ednr
_9233771
942 _cMONOGRAFIA
_n0
999 _c194044
_d194044